000 00282nam a22001217a 4500
008 170524b xxu||||| |||| 00| 0 eng d
041 _aeng
080 _a62
100 _a26
101 _aIM
245 _aELECTRICAL AND ELECTRONIC ENGINEERING SERIES
_cHILL, MC,G
942 _2udc
_cBK
999 _c13963
_d13963